| 000 | 00799nam a22001937a 4500 | ||
|---|---|---|---|
| 003 | CUTN | ||
| 005 | 20230503130955.0 | ||
| 008 | 230503b |||||||| |||| 00| 0 eng d | ||
| 020 | _a9789391270414 | ||
| 041 | _aEnglish | ||
| 082 |
_222 _a320.53109 _bKIR |
||
| 100 | _aKirkup, Thomas, | ||
| 245 |
_aA History of Socialism / _cThomas Kirkup. |
||
| 260 |
_aChennai : _bMaven Books, _c2022. |
||
| 300 | _aviii, 490 p. : | ||
| 505 |
_aChapters _t1. Inroduction. _t2. Early French Socialism. _t3. French Socialism of 1848. _t4. Early English Socialism. _t5. Ferdinand Lassalle. _t6. Rodbertus. _t7. Karl Marx. _t8. The International. _t9. The German Social Dmocracy. _t10. Revolution In Russia. _t11. Anarchism and syndicalism. _t12.The Progress of /socialism Abroad. |
||
| 690 | _aHistory | ||
| 942 |
_2ddc _cBOOKS |
||
| 999 |
_c38520 _d38520 |
||